000 00469nam a2200181Ia 4500
005 20250923150129.0
008 008 250917s9999 xx 000 0 eng d
037 _aTextual
040 _aDSWL
_beng
_cDSWL
041 _aeng
_2eng
084 _qDSWL
100 _aMishra, Ramesh
_9842565
245 0 _aSociety and social policy
_c by Ramesh Mishra
260 _aLondon
_bMcmillan
_c1977
300 _a188p.
942 _cTEXL
999 _c1459887
_d1459887